000 00791cam a2200229 a 4500
001 000026121
005 20200930024323.0
008 810327s1984 ag 000 j spa d
040 _aDO-SdBNP
_bspa
_cBNPHU
041 _aspa
_heng
_2Código de idioma MARC
082 _axxx
_bJ66c
100 _aJohnson, Eric W. ,
_99318
240 0 _aTeaching school.
_lEspañol
245 1 0 _aConsejos prácticos para maestros de escuela /
_cEric W. Johnson ; traducción Lidia Spinosa.
260 _aBuenos Aires :
_bTres Tiempos,
_c1984.
300 _a255 p. :
_bil. ;
_c20 cm.
490 1 _aLibros del Hoy Candente. Ensayos
_v27
534 _aTítulo original :
_tTeaching school.
700 1 _aSpinosa, Lidia ,
_etr.
_953079
830 0 _aLibros del Hoy Candente.
_pEnsayos,
_v27
_952210
049 _aBNGR
999 _c25613
_d25613